| 000 | 02803cam a22003617a 4500 | ||
|---|---|---|---|
| 001 | 16137365 | ||
| 003 | OSt | ||
| 005 | 20240412113933.0 | ||
| 008 | 100316s2009 enka b 001 0 eng d | ||
| 010 | _a 2010399215 | ||
| 020 | _a9781853396939 | ||
| 020 | _a1853396931 | ||
| 035 | _a(OCoLC)ocn320189879 | ||
| 040 |
_aBTCTA _cDDC _dBWK _dOCLCQ _dYDXCP _dUAT _dUBY _dCDX _dAGL _dDLC |
||
| 042 | _alccopycat | ||
| 050 | 0 | 0 |
_aQC903 _b.C5448 2009 |
| 082 | _a551.64 CLI 2009 | ||
| 100 |
_aEdited by Terry,Geraldine; Sweetman,Caroline _916954 |
||
| 245 | 0 | 0 | _aClimate Change and Gender Justice |
| 260 |
_aUK; _bOxfam, _cc2009. |
||
| 300 |
_avi,201p. _bill. _c24cm. |
||
| 440 | 0 |
_aWorking in gender & development _99546 |
|
| 504 | _aIncludes; bibliographical references & index. | ||
| 505 | 0 | _aIntroduction / Geraldine Terry -- Gender and climate hazards in Bangladesh / Terry Cannon -- Reducing risk and vulnerability to climate change in India: the capabilities approach / Marlene Roy and Henry David Venema -- Gendering responses to El Niño in rural Peru / Rosa Rivero Reyes -- Engendering adaptation to climate variability in Gujarat, India / Sara Ahmed and Elizabeth Fajber -- Resilience, power, culture, and climate: a case study from semi-arid Tanzania, and new research directions / Valerie Nelson and Tanya Stathers -- Gender, water, and climate change in Sonora, Mexico: implications for policies and programmes on agricultural income-generation / Stephanie Buechler -- Building gendered approaches to adaptation in the Pacific / Ruth Lane and Rebecca McNaught -- The Noel Kempff project in Bolivia: gender, power, and decision-making in climate mitigation / Emily Boyd -- Climate change and sustainable technology: re-linking poverty, gender, and governance / Sam Wong -- The bio-fuel frenzy: what options for rural women? A case of rural development schizophrenia / Nidhi Tandon -- Women's rights and climate change: using video as a tool for empowerment in Nepal / Marion Khamis, Tamara Plush, and Carmen Sepulveda Zelaya -- Engendering the climate-change negotiations: experiences, challenges, and steps forward / Minu Hemmati and Ulrike Röhr -- Conclusion / Geraline Terry. | |
| 650 | 0 |
_aClimatic change _95850 |
|
| 650 | 0 |
_aGender justice _916955 |
|
| 856 | 4 | 2 |
_3Contributor biographical information _uhttp://www.loc.gov/catdir/enhancements/fy1116/2010399215-b.html |
| 856 | 4 | 2 |
_3Publisher description _uhttp://www.loc.gov/catdir/enhancements/fy1116/2010399215-d.html |
| 856 | 4 | 1 |
_3Table of contents only _uhttp://www.loc.gov/catdir/enhancements/fy1116/2010399215-t.html |
| 906 |
_a7 _bcbc _ccopycat _d2 _encip _f20 _gy-gencatlg |
||
| 942 |
_2ddc _cO_SHELF |
||
| 999 |
_c7279 _d7279 |
||